000 00329nam a2200145Ia 4500
008 221030s9999 xx 000 0 und d
041 _aEnglish
082 _a105.23
_bPad
100 _aK. Padmanabhan
245 0 _aElectronic Components
260 _bLaxmi Pub
_aNew Delhi
_c1999
300 _a240
650 _aECE
942 _cBK
999 _c1694
_d1694